Statistics for Fleetwood Mac Charting Songs (Billboard Hot Rock)

Click here to take the quiz!

General Stats

  • This quiz has been taken 10 times
  • The average score is 4 of 5

Answer Stats

AlbumWeeks OnPeakArtist(s)Song% Correct
Rumours12 Weeks#7Fleetwood MacThe Chain
88%
Rumours3 Weeks#19Fleetwood MacGo Your Own Way
88%
Rumours9 Weeks#2Fleetwood MacDreams
75%
Mirage2 Weeks#21Fleetwood MacGypsy
75%
Fleetwood Mac5 Weeks#13Fleetwood MacLandslide
63%

Score Distribution

Percentile by Number Answered

Percent of People with Each Score

Your Score History

You have not taken this quiz